000 00943nam a22003257a 4500
001 BR2013005924
003 BR-BrBNA
005 20230928104225.0
007 ta
008 230509b bl.||||| |||| 00| 0 por d
040 _aBR-BrBNA
_bpor
_cBiblioteca Nacional de Agricultura
041 _a(Por)
072 _aL20; L74
_b5214
090 _ 5214 BR2013005924
100 1 _aNeri, J.
110 1 _aUniversidade Federal de Lavras, MG (Brasil)
_0Tese (Mestrado)
245 1 _aAmbiente térmico em confinamentos de gado leiteiro no Brasil
260 3 _aLavras, MG (Brasil):
_c2012.
300 _a77 p.
500 _aSummaries (Eng, Por); Bibliography p. 71-77; 15 illus.; 10 tables
650 _aGADO LEITEIRO
650 _aCONFINAMENTO
650 _aTEMPERATURA
650 _aUMIDADE
650 _aSTRESS
650 _aECOLOGIA ANIMAL
650 _aCONDIÇÃO CORPORAL
909 _a202309
_bLucia
_c55
_dLucia Elande
942 _cBK
999 _c78781
_d78781